000 00624nam a22002057a 4500
005 20130816114650.0
010 _aB-504805
020 _a9780143419686
_c299.00
035 _aB-504805
037 _adpl
_bKKP/VEN
082 _aN
100 _aGhose, Bhaskar
245 _aThe Teller of Jaler/
_cby Bhasker Ghose
260 _aNew Delhi
_bPenguin
_c2012
270 _a11 community centre, panchsheel park
_bNew Delhi
_e110017
300 _a265p.
_c15cm.(pbk)
500 _ainclude acknowledgments
942 _2ddc
_cEN
_mGHO
_hN
999 _c78420
_d78420